Trouve la collaboration improbables rap /pop - Statistiques

Statistiques générales
  • Ce quiz a été pris 103 fois
    10 depuis la dernière actualisation
  • Le résultat moyen est 13 sur 35
Statistiques - réponses
Titre Réponse % Correct
Démons - Angèle ft. Damso
100%
Du feu - Eva ft. Damso
100%
Tout tenter - Angèle ft. Damso
100%
Du feu - Eva ft. Damso
100%
Pour un pote - Jean Dujardin ft. Bigflo et Oli
78%
Nous deux - Shy'm ft. Lorenzo
67%
Mon Everest - Marina Kaye ft. Soprano
67%
Amour - Philippe Katerine ft. Alkpote
56%
Monarchie absolue - Bilal Hassani ft. Alkpote
56%
Il existe un endroit - Blandine ft. Bekar
44%
Le Prince Aladin - Kev Adams ft Black M
44%
Here - Christine and the Queens ft. Booba
44%
Arc-en-ciel - Alizée ft. Booba
44%
Servis - Squeezie ft. Gambi
44%
Fais-moi la passe - Karim Benzema ft. Rohff
44%
1.2.3 soleil - Adèle Castillon ft. Jolagreen23
33%
Ca les déranges - Vitaa ft. Jul
33%
Le grand cirque - Pomme ft. Zamdane
33%
Le chant des oiseaux - Maman ft. Ben PLG
22%
Comic sans MS Adèle Castillon ft. Caballero et Jean Jass
22%
C'est la vie - Charlotte Cardin ft. Dinos
22%
Cent fois - Hélène Segara ft. Dinos
22%
C'est beau la vie - Bernard Tapie ft. Doc Gynéco
22%
Mauvaise foi nocturne - Pascal Obispo ft. Fatal Bazooka
22%
Concept Flou - Cœur de pirates ft. Georgio
22%
Maux d'enfants - Patrick Bruel ft. La Fouine
22%
Money - Faouzia ft. Ninho
22%
Mission Cleopatra - Jamel Debbouze ft. Snoop Dogg
22%
Métis(se) Yannick Noah ft. Disiz
11%
Bouquet de pleurs - Nochka ft. Kik
11%
TPB - Dadju ft. Koba La D
11%
Senorita - Just Riadh ft. ICO
0%
Symphonie d'amour - Anissa Stili ft. Kery James
0%
Peur d'aimer - Vitaa ft. Nessbeal
0%
La haine - Clara Luciani ft. Youssef Swatt's
0%
Aucun quiz correspondant
Distribution des résultats
% des personnes avec chaque résultat
Percentile par nombre de réponses
Votre historique - résultats
Vous n’avez pas pris ce quiz depuis la dernière actualisation